|
|
|
|
| LEADER |
01505nam a2200349 a 4500 |
| 001 |
43589 |
| 003 |
BD-DhAAL |
| 005 |
20241022100508.0 |
| 008 |
241022t1992 caua b 001 0 eng |
| 010 |
|
|
|a 92019874
|
| 020 |
|
|
|a 0899081908 (lib.)
|
| 020 |
|
|
|a 0899081657 (pbk.)
|
| 040 |
|
|
|a DLC
|c DLC
|d DLC
|d BD-DhAAL
|
| 042 |
|
|
|a lcac
|
| 050 |
0 |
0 |
|a RA644.A25
|b A36477 1992
|
| 082 |
0 |
0 |
|a 362.1969792
|2 20
|
| 245 |
0 |
0 |
|a AIDS :
|b opposing viewpoints /
|c Michael D. Biskup, book editor, ; Karin L. Swisher, book editor.
|
| 260 |
|
|
|a San Diego, CA :
|b Greenhaven Press,
|c c1992.
|
| 300 |
|
|
|a 215 pages :
|b illusrations ;
|c 23 cm.
|
| 490 |
1 |
|
|a Opposing viewpoints series
|
| 504 |
|
|
|a Includes bibliographical references (p. 206-208) and index.
|
| 520 |
|
|
|a Includes articles that present different viewpoints on such aspects of AIDS as the seriousness of the problem, moral issues, prevention, and treatment. Includes critical thinking activities.
|
| 541 |
|
|
|a Savar campus library
|e 43589
|
| 650 |
|
0 |
|a AIDS (Disease)
|x Social aspects.
|
| 650 |
|
1 |
|a AIDS (Disease).
|
| 650 |
|
1 |
|a Critical thinking.
|
| 700 |
1 |
|
|a Biskup, Michael D.,
|d 1956-
|9 12149
|
| 700 |
1 |
|
|a Swisher, Karin,
|d 1966-
|9 11291
|
| 830 |
|
0 |
|a Opposing viewpoints series (Unnumbered)
|9 8059
|
| 942 |
|
|
|2 ddc
|c BK
|
| 999 |
|
|
|c 47045
|d 47045
|
| 952 |
|
|
|0 0
|1 0
|2 ddc
|4 0
|6 362_196979200000000_AID
|7 0
|9 76728
|a SCL
|b SCL
|c GEN
|d 2024-10-22
|e Savar Campus Library
|l 0
|o 362.1969792 AID
|p 3020043589
|r 2024-10-22
|t 1
|w 2024-10-22
|y BK
|x Price not available in register.
|